Citizens guide to our constitution and government. (Record no. 712)
[ view plain ]
| 000 -LEADER | |
|---|---|
| fixed length control field | 00521cam a2200193ua 4500 |
| 001 - CONTROL NUMBER | |
| control field | 786 |
| 005 - DATE AND TIME OF LATEST TRANSACTION | |
| control field | 20260515113226.0 |
| 008 - FIXED-LENGTH DATA ELEMENTS--GENERAL INFORMATION | |
| fixed length control field | 110420n ii |||gr||||Z||||||eng |
| 040 ## - CATALOGING SOURCE | |
| Transcribing agency | MAIN |
| 082 ## - DEWEY DECIMAL CLASSIFICATION NUMBER | |
| Classification number | 342.54 |
| 245 1# - TITLE STATEMENT | |
| Title | Citizens guide to our constitution and government. |
| Statement of responsibility, etc. | By R. K. Ramadhyani. |
| 250 ## - EDITION STATEMENT | |
| Edition statement | 1st. |
| 260 ## - PUBLICATION, DISTRIBUTION, ETC. | |
| Place of publication, distribution, etc. | Delhi.: |
| Name of publisher, distributor, etc. | Atma Ram & sons.,963. |
| 300 ## - PHYSICAL DESCRIPTION | |
| Extent | ix, 232 p.: |
| Dimensions | 20 cm. |
| 653 ## - INDEX TERM--UNCONTROLLED | |
| Uncontrolled term | Political science. |
| 653 ## - INDEX TERM--UNCONTROLLED | |
| Uncontrolled term | Our constitution and government. |
| 700 ## - ADDED ENTRY--PERSONAL NAME | |
| Personal name | Ramadhyani, R K., |
| 942 ## - ADDED ENTRY ELEMENTS (KOHA) | |
| Koha item type | Books |
| Withdrawn status | Lost status | Damaged status | Not for loan | Home library | Current library | Shelving location | Date acquired | Total checkouts | Full call number | Barcode | Date last seen | Copy number | Price effective from | Koha item type |
|---|---|---|---|---|---|---|---|---|---|---|---|---|---|---|
| Naharkatiya College Library | Naharkatiya College Library | General stacks | 09/19/2020 | 342.54 | RAM | 59 | 09/19/2020 | 1 | 09/19/2020 | Books |